[Event "Spring open (woman)"]
[Site "Budapest"]
[Date "2015.04.13"]
[Round "7"]
[White "Sedina, Elena"]
[Black "Nikolova, Adriana"]
[Result "0-1"]
[WhiteElo "2305"]
[BlackElo "2329"]
[PlyCount "188"]
[EventDate "2015.04.07"]
[EventType "swiss"]
[EventRounds "9"]
[EventCountry "HUN"]
[Source "Hun. Chess Fed."]
[SourceDate "2015.04.15"]

1. e4 c5 2. Nf3 Nc6 3. Bb5 Nf6 4. Nc3 Qc7 5. d3 Nd4 6. Ba4 a6 7. Nxd4 cxd4 8.
Ne2 Qa5+ 9. c3 dxc3 10. Nxc3 b5 11. Bb3 Bb7 12. O-O e6 13. Bd2 b4 14. Na4 d5
15. e5 Nd7 16. d4 Be7 17. a3 Qb5 18. axb4 Bxb4 19. Nc3 Qb6 20. Be3 Bc6 21. Na4
Qb7 22. Qg4 g6 23. Bh6 Be7 24. Bc2 Qb4 25. h3 Rc8 26. Rfe1 Bb5 27. Nc3 Nb6 28.
Nxb5 Qxb5 29. Re2 Bf8 30. Bxf8 Rxf8 31. Qf3 a5 32. Rd2 Qb4 33. Qe2 Ke7 34. Bd3
Rc7 35. Qe3 Rfc8 36. Kh2 Kf8 37. h4 Kg8 38. h5 Nc4 39. Bxc4 Rxc4 40. Qf4 a4 41.
Ra3 Qe7 42. Rf3 Rb4 43. hxg6 fxg6 44. Qg4 Rf8 45. Rc3 Rf5 46. Rdc2 Rb7 47. g3
Kg7 48. Kg2 h5 49. Qd1 Rf8 50. Qc1 Rf7 51. Qd1 Qg5 52. Qa1 Qf5 53. Qxa4 Ra7 54.
Qb4 Qe4+ 55. f3 Qe1 56. Qc5 Ra1 57. Rc1 Qe2+ 58. Kh3 Rxc1 59. Rxc1 Qxf3 60. Qc3
Qf5+ 61. Kg2 Qf2+ 62. Kh1 h4 63. Rg1 Qe2 64. Qe1 Qg4 65. Rg2 h3 66. Rf2 Qxd4
67. Rxf7+ Kxf7 68. Qf1+ Kg8 69. Qxh3 Qxe5 70. Qg2 Kg7 71. Qf2 d4 72. Kg1 Qe4
73. Qd2 e5 74. Qb4 Qe3+ 75. Kg2 Qe2+ 76. Kh3 Qf1+ 77. Kh2 Qf2+ 78. Kh3 Qf6 79.
Qb7+ Qf7 80. Qc6 d3 81. Kg2 Kh7 82. b4 Qa2+ 83. Kh3 Qe2 84. Qd7+ Kh6 85. Qe7
Qf1+ 86. Kh2 Qf2+ 87. Kh3 d2 88. Qh4+ Kg7 89. Qe7+ Qf7 90. Qxe5+ Kh7 91. Qd6
Qf1+ 92. Kh4 Qh1+ 93. Kg5 Qh6+ 94. Kf6 g5+ 0-1

[Event "Spring open (woman)"]
[Site "Budapest"]
[Date "2015.04.13"]
[Round "7"]
[White "Nomin-Erdene, Davaademberel"]
[Black "Juhasz, Barbara"]
[Result "1-0"]
[WhiteElo "2371"]
[BlackElo "2139"]
[PlyCount "107"]
[EventDate "2015.04.07"]
[EventType "swiss"]
[EventRounds "9"]
[EventCountry "HUN"]
[Source "Hun. Chess Fed."]
[SourceDate "2015.04.15"]

1. e4 e5 2. Nf3 Nc6 3. Bb5 a6 4. Ba4 Nf6 5. O-O Be7 6. Re1 b5 7. Bb3 O-O 8. h3
Bb7 9. d3 d5 10. exd5 Nxd5 11. Nxe5 Nd4 12. Nc3 Nxb3 13. axb3 Nb4 14. Bf4 f6
15. Ng4 f5 16. Nh2 Bd6 17. Bxd6 Qxd6 18. Qd2 Rae8 19. Re2 Rxe2 20. Qxe2 Qg6 21.
f3 Re8 22. Qf2 c5 23. Rd1 Qd6 24. d4 cxd4 25. Rxd4 Qe7 26. Nf1 Bc6 27. Rd2 Rd8
28. Re2 Qf6 29. Qc5 Qd4+ 30. Qxd4 Rxd4 31. Ne3 g6 32. Kf2 h5 33. Ke1 f4 34.
Ned1 Bd7 35. Ne4 Bf5 36. Ndf2 Rd8 37. h4 Rc8 38. c3 Nd5 39. Nd6 Rd8 40. Nxf5
gxf5 41. Nh3 a5 42. Kf2 Kf7 43. Ng5+ Kf6 44. Re6+ Kg7 45. Ra6 Rb8 46. Rxa5 Ne3
47. Ne6+ Kf7 48. Nxf4 Nd1+ 49. Ke2 Nxb2 50. Kd2 Rd8+ 51. Kc2 Nd1 52. Rxb5 Ne3+
53. Kb2 Nd1+ 54. Kc1 1-0

[Event "Spring open (woman)"]
[Site "Budapest"]
[Date "2015.04.13"]
[Round "7"]
[White "Dudas, Eszter"]
[Black "Gara, Anita"]
[Result "0-1"]
[WhiteElo "2187"]
[BlackElo "2331"]
[PlyCount "82"]
[EventDate "2015.04.07"]
[EventType "swiss"]
[EventRounds "9"]
[EventCountry "HUN"]
[Source "Hun. Chess Fed."]
[SourceDate "2015.04.15"]

1. e4 d6 2. d4 Nf6 3. Nc3 Nbd7 4. Nf3 e5 5. Bc4 Be7 6. O-O O-O 7. Re1 a6 8. a4
b6 9. Bg5 Bb7 10. d5 Kh8 11. h3 Nh5 12. Be3 g6 13. Bh6 Rg8 14. g4 Nf4 15. Bxf4
exf4 16. Ne2 Ne5 17. Nxe5 dxe5 18. Nc1 Bd6 19. Nd3 Qh4 20. Qf3 Rae8 21. Kf1 Bc8
22. Ke2 f5 23. Rg1 fxe4 24. Qxe4 Qxh3 25. f3 Qh2+ 26. Nf2 Bc5 27. Rgf1 Rgf8 28.
Rae1 Bxg4 29. fxg4 f3+ 30. Kd1 Rf4 31. Qxf4 Qxf4 32. Re4 Qg3 33. Nd3 Bd4 34.
Bxa6 Rf8 35. c3 Qg2 36. Nc1 Bg1 37. b4 Bh2 38. Bd3 Bf4 39. Nb3 Qb2 40. Bc2 Qxc3
41. a5 Rd8 0-1

[Event "Spring open (woman)"]
[Site "Budapest"]
[Date "2015.04.13"]
[Round "7"]
[White "Varga, Klara"]
[Black "Erdos, Boglarka"]
[Result "1-0"]
[WhiteElo "2192"]
[BlackElo "2176"]
[PlyCount "65"]
[EventDate "2015.04.07"]
[EventType "swiss"]
[EventRounds "9"]
[EventCountry "HUN"]
[Source "Hun. Chess Fed."]
[SourceDate "2015.04.15"]

1. Nf3 c5 2. c4 Nc6 3. Nc3 Nf6 4. d4 cxd4 5. Nxd4 e6 6. a3 d6 7. e3 Be7 8. Be2
O-O 9. O-O a6 10. b3 Qc7 11. Bb2 Rd8 12. Rc1 Ne5 13. Qd2 b6 14. f4 Ned7 15. Bf3
Bb7 16. e4 Nc5 17. Qc2 Rac8 18. Kh1 Qb8 19. Qe2 Qa8 20. Rce1 Bf8 21. b4 Ncd7
22. e5 Bxf3 23. Rxf3 dxe5 24. fxe5 Ng4 25. Rxf7 Ndxe5 26. Rf4 Qb8 27. Rxg4 Nxg4
28. Qxg4 e5 29. Ne6 Rd2 30. Ba1 Rc2 31. Rf1 Qb7 32. Nxf8 Rxf8 33. Qe6+ 1-0

[Event "Spring open (woman)"]
[Site "Budapest"]
[Date "2015.04.13"]
[Round "7"]
[White "Pilmayer, Katalin Viola"]
[Black "Dave, Dhyani"]
[Result "0-1"]
[WhiteElo "1513"]
[BlackElo "2157"]
[PlyCount "58"]
[EventDate "2015.04.07"]
[EventType "swiss"]
[EventRounds "9"]
[EventCountry "HUN"]
[Source "Hun. Chess Fed."]
[SourceDate "2015.04.15"]

1. e4 c5 2. c4 Nc6 3. Ne2 e5 4. Nbc3 g6 5. d3 Bg7 6. Be3 d6 7. Qd2 h6 8. Nd5
Nge7 9. Nec3 f5 10. f3 Nxd5 11. Nxd5 O-O 12. b4 cxb4 13. Nxb4 Nxb4 14. Qxb4 Rf7
15. Be2 Bf8 16. Qd2 f4 17. Bf2 Qg5 18. Bf1 a5 19. a3 a4 20. d4 exd4 21. Bxd4
Be6 22. g3 Rc8 23. Rc1 Qh5 24. g4 Qh4+ 25. Bf2 Qe7 26. Be2 Kh7 27. h4 Bxg4 28.
fxg4 Qxe4 29. Rh2 f3 0-1

[Event "Spring open (woman)"]
[Site "Budapest"]
[Date "2015.04.13"]
[Round "7"]
[White "Papp, Andrea"]
[Black "Erseki, Tamara"]
[Result "1/2-1/2"]
[WhiteElo "1556"]
[BlackElo "1861"]
[PlyCount "54"]
[EventDate "2015.04.07"]
[EventType "swiss"]
[EventRounds "9"]
[EventCountry "HUN"]
[Source "Hun. Chess Fed."]
[SourceDate "2015.04.15"]

1. d4 Nf6 2. Nf3 e6 3. Bf4 d5 4. e3 Bd6 5. Bxd6 Qxd6 6. c3 O-O 7. Bd3 c5 8.
Nbd2 Nc6 9. O-O Rd8 10. h3 b6 11. Re1 Bb7 12. a3 a5 13. Nf1 e5 14. dxe5 Nxe5
15. Nxe5 Qxe5 16. Ng3 Ne4 17. Qh5 Qd6 18. Rad1 g6 19. Qh4 Nxg3 20. Qxg3 Qxg3
21. fxg3 f5 22. h4 Re8 23. Kf2 Re5 24. Bb5 Kf7 25. Rd2 Rd8 26. Red1 Kf6 27. c4
Ke6 1/2-1/2

[Event "Spring open (woman)"]
[Site "Budapest"]
[Date "2015.04.13"]
[Round "7"]
[White "Terbe, Zsuzsanna"]
[Black "Majoros, Rozsa"]
[Result "1-0"]
[WhiteElo "2129"]
[BlackElo "1699"]
[PlyCount "75"]
[EventDate "2015.04.07"]
[EventType "swiss"]
[EventRounds "9"]
[EventCountry "HUN"]
[Source "Hun. Chess Fed."]
[SourceDate "2015.04.15"]

1. e4 e6 2. d4 d5 3. Nd2 Nf6 4. e5 Nfd7 5. Bd3 c5 6. c3 Nc6 7. Ne2 Qb6 8. Nf3
cxd4 9. cxd4 f6 10. exf6 Bb4+ 11. Bd2 Nxf6 12. O-O O-O 13. Re1 Bd7 14. a3 Bd6
15. Bc3 Rae8 16. Ng3 Re7 17. b4 a6 18. Ra2 Qc7 19. Qa1 Be8 20. Rae2 Bf7 21. Qb2
h6 22. Nh4 Nh5 23. Bb1 Nf4 24. Re3 Rfe8 25. h3 b5 26. Ne2 Nxe2+ 27. R3xe2 Bh5
28. g4 Bf7 29. Qc2 Rd7 30. Qh7+ Kf8 31. Ng6+ Bxg6 32. Bxg6 Ne7 33. Rxe6 Nxg6
34. Rxe8+ Kf7 35. Qg8+ Kf6 36. Qe6+ Kg5 37. Qf5+ Kh4 38. Qh5# 1-0

[Event "Spring open (woman)"]
[Site "Budapest"]
[Date "2015.04.13"]
[Round "7"]
[White "Jurak, Miklosne"]
[Black "Terbe, Julianna"]
[Result "0-1"]
[WhiteElo "1666"]
[BlackElo "2236"]
[PlyCount "130"]
[EventDate "2015.04.07"]
[EventType "swiss"]
[EventRounds "9"]
[EventCountry "HUN"]
[Source "Hun. Chess Fed."]
[SourceDate "2015.04.15"]

1. d4 Nf6 2. c4 g6 3. Nc3 Bg7 4. Nf3 O-O 5. e4 d6 6. Be2 c5 7. dxc5 Qa5 8. O-O
Qxc5 9. Be3 Qa5 10. Qc2 Nc6 11. a3 Ng4 12. b4 Nxe3 13. fxe3 Qd8 14. Rad1 Ne5
15. c5 Nxf3+ 16. Bxf3 Be5 17. cxd6 exd6 18. Nd5 Bd7 19. Rc1 Rc8 20. Qf2 Rc6 21.
Be2 a6 22. Bc4 Kg7 23. Rc2 Qg5 24. Bd3 Rxc2 25. Bxc2 Bb5 26. Rd1 h5 27. Nf4 Rc8
28. Bb3 Qg4 29. h3 Qd7 30. Qd2 Rc3 31. Rb1 Qc6 32. Qd5 Qxd5 33. Nxd5 Rd3 34. a4
Bd7 35. Kf2 Rd2+ 36. Kf3 h4 37. Nb6 Bc6 38. Nc4 Rd3 39. Ke2 Rc3 40. Kf3 f5 41.
Nd2 Bd4 42. Re1 fxe4+ 43. Kf2 Be5 44. Rb1 b5 45. axb5 axb5 46. Bd1 Ra3 47. Rc1
Bd5 48. Nf1 Bc4 49. Nd2 Bd3 50. Nb1 Ra2+ 51. Kg1 Ra1 52. Rc7+ Kf6 53. Nc3 Bxc3
54. Rxc3 Rxd1+ 55. Kh2 Re1 56. Rc6 Ke5 57. Rc8 Rxe3 58. Rg8 Rg3 59. Rf8 e3 60.
Re8+ Kd4 61. Rd8 e2 62. Rxd6+ Kc3 63. Rc6+ Kd2 64. Rd6 e1=Q 65. Rc6 Rxg2+ 0-1

[Event "Spring open (woman)"]
[Site "Budapest"]
[Date "2015.04.14"]
[Round "8"]
[White "Vajda, Szidonia"]
[Black "Rajlich, Iweta"]
[Result "1/2-1/2"]
[WhiteElo "2323"]
[BlackElo "2406"]
[PlyCount "123"]
[EventDate "2015.04.07"]
[EventType "swiss"]
[EventRounds "9"]
[EventCountry "HUN"]
[Source "Hun. Chess Fed."]
[SourceDate "2015.04.15"]

1. e4 e6 2. d4 d5 3. Nc3 h6 4. Bd3 Nf6 5. e5 Nfd7 6. Nce2 b6 7. c3 Ba6 8. Bb1
Bxe2 9. Nxe2 Nc6 10. Nf4 Qe7 11. O-O O-O-O 12. b4 g5 13. Nh5 f6 14. Qa4 Kb7 15.
Bd3 Ncb8 16. exf6 Nxf6 17. Nxf6 Qxf6 18. f4 Bd6 19. g3 Qe7 20. Be3 gxf4 21.
Bxf4 Bxf4 22. Rxf4 h5 23. Qc2 h4 24. Rxh4 Rxh4 25. gxh4 Qxh4 26. Kh1 Nd7 27.
Rf1 Rh8 28. Qf2 Qh3 29. Qe2 a5 30. Rf7 Nb8 31. bxa5 bxa5 32. Qe5 Nd7 33. Rxd7
Qf3+ 34. Kg1 Rg8+ 35. Rg7 Rxg7+ 36. Qxg7 Qxd3 37. Qg2 Qxc3 38. h4 e5 39. dxe5
Qxe5 40. Qf2 Kc6 41. Qc2+ Kd6 42. Qg6+ Ke7 43. Qc2 d4 44. h5 Kf8 45. h6 Kg8 46.
Qg6+ Kh8 47. Kf2 c5 48. a4 c4 49. h7 Qh2+ 50. Ke1 Qh1+ 51. Kf2 Qh4+ 52. Kf1
Qf4+ 53. Ke1 Qc1+ 54. Kf2 Qe3+ 55. Kf1 Qf3+ 56. Ke1 Qh1+ 57. Kf2 Qxh7 58. Qe8+
Kg7 59. Qe7+ Kh6 60. Qh4+ Kg6 61. Qe4+ Kg7 62. Qe7+ 1/2-1/2

[Event "Spring open (woman)"]
[Site "Budapest"]
[Date "2015.04.14"]
[Round "8"]
[White "Gara, Anita"]
[Black "Gara, Ticia"]
[Result "1/2-1/2"]
[WhiteElo "2331"]
[BlackElo "2282"]
[PlyCount "20"]
[EventDate "2015.04.07"]
[EventType "swiss"]
[EventRounds "9"]
[EventCountry "HUN"]
[Source "Hun. Chess Fed."]
[SourceDate "2015.04.15"]

1. e4 c5 2. Nf3 Nc6 3. Bb5 d6 4. O-O Nf6 5. Re1 Bd7 6. Nc3 e6 7. d4 cxd4 8.
Nxd4 Nxd4 9. Bxd7+ Qxd7 10. Qxd4 Be7 1/2-1/2

[Event "Spring open (woman)"]
[Site "Budapest"]
[Date "2015.04.14"]
[Round "8"]
[White "Nikolova, Adriana"]
[Black "Nomin-Erdene, Davaademberel"]
[Result "1-0"]
[WhiteElo "2329"]
[BlackElo "2371"]
[PlyCount "105"]
[EventDate "2015.04.07"]
[EventType "swiss"]
[EventRounds "9"]
[EventCountry "HUN"]
[Source "Hun. Chess Fed."]
[SourceDate "2015.04.15"]

1. e4 c6 2. d4 d5 3. Nd2 dxe4 4. Nxe4 Bf5 5. Ng3 Bg6 6. h4 h6 7. Nf3 Nd7 8. Bd3
Bxd3 9. Qxd3 Ngf6 10. Bd2 e6 11. O-O-O Be7 12. Ne4 Qb6 13. Nxf6+ Bxf6 14. g4
O-O-O 15. Qa3 Rde8 16. Be3 Be7 17. Qa4 a6 18. d5 Bc5 19. dxc6 Bxe3+ 20. fxe3
Qxc6 21. Qxc6+ bxc6 22. Rd6 Kc7 23. Rhd1 Re7 24. h5 Rb8 25. c4 a5 26. Kc2 Rg8
27. b3 g6 28. hxg6 Rxg6 29. c5 Rf6 30. Nd4 Rf2+ 31. Kc3 Ne5 32. a3 Rd7 33. b4
axb4+ 34. axb4 Rxd6 35. cxd6+ Kd7 36. Nb3 Kc8 37. Nc5 Nd7 38. Ra1 Nxc5 39. bxc5
Rg2 40. Ra8+ Kd7 41. Ra7+ Kd8 42. Rc7 Rg3 43. Kd2 Rxg4 44. Rxc6 Rc4 45. Kd3 Rc1
46. Rc7 f6 47. Kd4 h5 48. Rh7 h4 49. Rxh4 Kd7 50. Rh7+ Kc6 51. Rc7+ Kb5 52. d7
Rd1+ 53. Kc3 1-0

[Event "Spring open (woman)"]
[Site "Budapest"]
[Date "2015.04.14"]
[Round "8"]
[White "Varga, Klara"]
[Black "Sedina, Elena"]
[Result "0-1"]
[WhiteElo "2192"]
[BlackElo "2305"]
[PlyCount "58"]
[EventDate "2015.04.07"]
[EventType "swiss"]
[EventRounds "9"]
[EventCountry "HUN"]
[Source "Hun. Chess Fed."]
[SourceDate "2015.04.15"]

1. b3 d5 2. Bb2 Bg4 3. g3 c6 4. Bg2 Nd7 5. h3 Bh5 6. Nf3 e6 7. d3 Ngf6 8. Nbd2
Bd6 9. O-O O-O 10. c4 Re8 11. Qc2 a5 12. a3 e5 13. g4 Bg6 14. Nh4 Nc5 15. e4
dxe4 16. dxe4 Nfxe4 17. Nxg6 Nxd2 18. Qxd2 Nxb3 19. Qc3 Nxa1 20. Nf4 Nc2 21. c5
Bf8 22. Qxc2 exf4 23. Qf5 Qe7 24. Rc1 Rad8 25. Qxf4 Qe2 26. Bc3 Rd1+ 27. Rxd1
Qxd1+ 28. Kh2 Bxc5 29. Qg5 Bd4 0-1

[Event "Spring open (woman)"]
[Site "Budapest"]
[Date "2015.04.14"]
[Round "8"]
[White "Dave, Dhyani"]
[Black "Havanecz, Bianka"]
[Result "1/2-1/2"]
[WhiteElo "2157"]
[BlackElo "2244"]
[PlyCount "73"]
[EventDate "2015.04.07"]
[EventType "swiss"]
[EventRounds "9"]
[EventCountry "HUN"]
[Source "Hun. Chess Fed."]
[SourceDate "2015.04.15"]

1. e4 c5 2. Nf3 d6 3. d4 cxd4 4. Nxd4 Nf6 5. Nc3 a6 6. Be2 e5 7. Nb3 Be6 8. O-O
Be7 9. Re1 O-O 10. Bf3 Nbd7 11. a4 Nb6 12. Nd2 Rc8 13. Nf1 Qc7 14. Ne3 Rfd8 15.
a5 Nc4 16. Nxc4 Qxc4 17. Re2 d5 18. exd5 Nxd5 19. Nxd5 Bxd5 20. Bxd5 Rxd5 21.
Qe1 Bb4 22. c3 Bxa5 23. Rxe5 Rxe5 24. Qxe5 Bc7 25. Qf5 Rd8 26. Be3 Qe2 27. Qb1
h5 28. Bd4 Re8 29. b4 h4 30. h3 Re6 31. b5 Qxb5 32. Qxb5 axb5 33. Kf1 Be5 34.
Bxe5 Rxe5 35. Ra8+ Kh7 36. Ra7 Re7 37. Ra5 1/2-1/2

[Event "Spring open (woman)"]
[Site "Budapest"]
[Date "2015.04.14"]
[Round "8"]
[White "Terbe, Zsuzsanna"]
[Black "Dudas, Eszter"]
[Result "1/2-1/2"]
[WhiteElo "2129"]
[BlackElo "2187"]
[PlyCount "62"]
[EventDate "2015.04.07"]
[EventType "swiss"]
[EventRounds "9"]
[EventCountry "HUN"]
[Source "Hun. Chess Fed."]
[SourceDate "2015.04.15"]

1. e4 e6 2. d4 d5 3. Nd2 Be7 4. c3 c5 5. Bd3 Nf6 6. e5 Nfd7 7. Ne2 Nc6 8. O-O
Qb6 9. Nf3 cxd4 10. cxd4 O-O 11. Qc2 h6 12. a3 Kh8 13. Be3 Qd8 14. Qd2 Na5 15.
Bc2 Nc4 16. Qd3 f5 17. Nf4 Qe8 18. Nxe6 Ndxe5 19. Nxe5 Bxe6 20. Bc1 Rc8 21. Re1
Nxe5 22. Rxe5 Qc6 23. Bb3 Bf6 24. Re1 Qb6 25. Be3 f4 26. Bxf4 Qxd4 27. Qxd4
Bxd4 28. Rxe6 Rxf4 29. Re2 Rcf8 30. Rf1 R4f5 31. g3 Bc5 1/2-1/2

[Event "Spring open (woman)"]
[Site "Budapest"]
[Date "2015.04.14"]
[Round "8"]
[White "Terbe, Julianna"]
[Black "Juhasz, Barbara"]
[Result "1-0"]
[WhiteElo "2236"]
[BlackElo "2139"]
[PlyCount "71"]
[EventDate "2015.04.07"]
[EventType "swiss"]
[EventRounds "9"]
[EventCountry "HUN"]
[Source "Hun. Chess Fed."]
[SourceDate "2015.04.15"]

1. e4 e5 2. Nf3 Nc6 3. d4 exd4 4. Nxd4 Bc5 5. Nb3 Bb6 6. Nc3 Nf6 7. Qe2 d6 8.
Be3 O-O 9. O-O-O Be6 10. f3 Re8 11. Kb1 Bxe3 12. Qxe3 a5 13. Nc5 Bc8 14. Qf4
Qe7 15. Nd5 Nxd5 16. exd5 Ne5 17. Nd3 Bd7 18. Qg3 Qf6 19. Nf2 Bf5 20. h4 a4 21.
Qg5 Qg6 22. Qxg6 fxg6 23. a3 Bd7 24. Ne4 Ng4 25. Rd2 Bf5 26. Bb5 Re7 27. Nc3
Ne3 28. Re2 Bxc2+ 29. Rxc2 Nxc2 30. Kxc2 Rf8 31. Bxa4 Rf4 32. h5 gxh5 33. Rxh5
Re1 34. Kb3 Rg1 35. Ne2 g6 36. Rh2 1-0

[Event "Spring open (woman)"]
[Site "Budapest"]
[Date "2015.04.14"]
[Round "8"]
[White "Erdos, Boglarka"]
[Black "Papp, Andrea"]
[Result "1/2-1/2"]
[WhiteElo "2176"]
[BlackElo "1556"]
[PlyCount "32"]
[EventDate "2015.04.07"]
[EventType "swiss"]
[EventRounds "9"]
[EventCountry "HUN"]
[Source "Hun. Chess Fed."]
[SourceDate "2015.04.15"]

1. Nf3 Nf6 2. g3 d5 3. Bg2 c6 4. O-O Bf5 5. d3 e6 6. Nbd2 Be7 7. Re1 O-O 8. e4
dxe4 9. dxe4 Nxe4 10. Nxe4 Qxd1 11. Rxd1 Bxe4 12. c3 Na6 13. Re1 Bd5 14. Be3
Bc5 15. Bf4 Bb6 16. b4 Rac8 1/2-1/2

[Event "Spring open (woman)"]
[Site "Budapest"]
[Date "2015.04.14"]
[Round "8"]
[White "Erseki, Tamara"]
[Black "Majoros, Rozsa"]
[Result "1/2-1/2"]
[WhiteElo "1861"]
[BlackElo "1699"]
[PlyCount "55"]
[EventDate "2015.04.07"]
[EventType "swiss"]
[EventRounds "9"]
[EventCountry "HUN"]
[Source "Hun. Chess Fed."]
[SourceDate "2015.04.15"]

1. e4 e6 2. Nf3 d5 3. Nc3 c5 4. exd5 exd5 5. d4 Be6 6. Bf4 Nf6 7. Bb5+ Nbd7 8.
O-O Be7 9. Re1 O-O 10. h3 a6 11. Bxd7 Nxd7 12. dxc5 Nxc5 13. Nd4 Qb6 14. Qf3
Bf6 15. Nb3 Bxc3 16. Qxc3 Ne4 17. Qf3 Rac8 18. c3 a5 19. Be3 Qb5 20. Qe2 Qxe2
21. Rxe2 a4 22. Nd4 a3 23. f3 Ng3 24. Rd2 axb2 25. Rxb2 Rxc3 26. Bf2 Nf5 27.
Rxb7 Nxd4 28. Bxd4 1/2-1/2

[Event "Spring open (woman)"]
[Site "Budapest"]
[Date "2015.04.14"]
[Round "8"]
[White "Palocz, Katalin"]
[Black "Pilmayer, Katalin Viola"]
[Result "1-0"]
[WhiteElo "1366"]
[BlackElo "1513"]
[PlyCount "59"]
[EventDate "2015.04.07"]
[EventType "swiss"]
[EventRounds "9"]
[EventCountry "HUN"]
[Source "Hun. Chess Fed."]
[SourceDate "2015.04.15"]

1. e4 d6 2. d4 Nf6 3. Bd3 g6 4. Nf3 Bg7 5. c4 O-O 6. Nc3 c6 7. h3 Nbd7 8. O-O
e5 9. d5 Re8 10. Be3 Qc7 11. Rc1 b6 12. dxc6 Qxc6 13. Nd5 h6 14. a4 Bb7 15. b4
Kh7 16. Qc2 Qc8 17. b5 Qd8 18. Nd2 Rc8 19. Qb1 Nh5 20. Be2 Nhf6 21. Bd3 Nc5 22.
Bxc5 dxc5 23. f4 exf4 24. Rxf4 Nh5 25. Rxf7 Rb8 26. e5 Re6 27. Nf3 Kg8 28. Bxg6
Rxe5 29. Nxe5 Bxe5 30. Bxh5 1-0

[Event "Spring open (woman)"]
[Site "Budapest"]
[Date "2015.04.15"]
[Round "9"]
[White "Rajlich, Iweta"]
[Black "Nikolova, Adriana"]
[Result "1/2-1/2"]
[WhiteElo "2406"]
[BlackElo "2329"]
[PlyCount "104"]
[EventDate "2015.04.07"]
[EventType "swiss"]
[EventRounds "9"]
[EventCountry "HUN"]
[Source "Hun. Chess Fed."]
[SourceDate "2015.04.15"]

1. d4 d5 2. g3 Nf6 3. Bg2 e6 4. Nf3 Be7 5. O-O O-O 6. c4 dxc4 7. Ne5 Nc6 8.
Nxc6 bxc6 9. Bxc6 Rb8 10. Bg2 Bb7 11. Nc3 Bxg2 12. Kxg2 c5 13. dxc5 Bxc5 14.
Qa4 Rb4 15. Qc6 Be7 16. a3 Qb6 17. Qxb6 Rxb6 18. Rd1 Rd8 19. Rxd8+ Bxd8 20. e4
Rb3 21. Be3 Rxb2 22. Bxa7 Rb3 23. Bd4 Ba5 24. Rc1 Rxa3 25. Nb5 Ra4 26. Nd6 Bc7
27. Nxc4 h6 28. Bxf6 gxf6 29. Rc2 Kg7 30. f4 Rb4 31. Rc3 Rb5 32. Kf3 Rc5 33.
Rc2 Ba5 34. Ne3 Rxc2 35. Nxc2 Kg6 36. Nd4 f5 37. exf5+ exf5 38. Ke2 Bb6 39. Kd3
Kf6 40. Kc4 Ba7 41. Kd5 Bb6 42. Nf3 Ba5 43. Ne5 Bc3 44. Kd6 Bxe5+ 45. fxe5+ Kg5
46. Ke7 f4 47. h4+ Kg4 48. gxf4 Kxf4 49. Kf6 h5 50. Kxf7 Kxe5 51. Kg6 Ke6 52.
Kxh5 Kf7 1/2-1/2

[Event "Spring open (woman)"]
[Site "Budapest"]
[Date "2015.04.15"]
[Round "9"]
[White "Gara, Anita"]
[Black "Vajda, Szidonia"]
[Result "0-1"]
[WhiteElo "2331"]
[BlackElo "2323"]
[PlyCount "140"]
[EventDate "2015.04.07"]
[EventType "swiss"]
[EventRounds "9"]
[EventCountry "HUN"]
[Source "Hun. Chess Fed."]
[SourceDate "2015.04.15"]

1. e4 e5 2. Nf3 Nc6 3. Bb5 Nf6 4. O-O Nxe4 5. d4 Nd6 6. Ba4 e4 7. Re1 Be7 8.
Ne5 O-O 9. Nc3 Bf6 10. Nxe4 Nxe4 11. Rxe4 Nxd4 12. Qxd4 d6 13. Nxf7 Rxf7 14.
Bg5 Bxd4 15. Bxd8 Bxf2+ 16. Kh1 Be6 17. Rxe6 Rxd8 18. Bb3 d5 19. Re2 Bc5 20.
Rae1 c6 21. Re8+ Rf8 22. Rxd8 Rxd8 23. g4 Rf8 24. Re2 Rf4 25. h3 Kf7 26. Kg2 b5
27. c3 a5 28. Bc2 g6 29. Kg3 Rf1 30. a4 b4 31. cxb4 Bxb4 32. Bd3 Ra1 33. Rc2
Bd6+ 34. Kg2 c5 35. Bb5 Ke6 36. Rd2 Be5 37. Rc2 Kd6 38. b3 Rb1 39. Rf2 Rxb3 40.
Rf7 Rg3+ 41. Kf1 Rxh3 42. Rd7+ Ke6 43. Bc6 d4 44. Ra7 d3 45. Rxa5 d2 46. Ke2
Bc3 47. Rxc5 Re3+ 48. Kxe3 d1=Q 49. Rxc3 Qxg4 50. Rd3 Qg1+ 51. Ke2 Qg4+ 52. Ke3
Qb4 53. Bb5 g5 54. Rd4 Qc5 55. Ke4 h5 56. Bd7+ Ke7 57. Bf5 g4 58. Rd5 Qc2+ 59.
Kf4 Qxa4+ 60. Kg3 Qb3+ 61. Rd3 Qb8+ 62. Kg2 Kf6 63. Bd7 Qb2+ 64. Kg3 Qe5+ 65.
Kf2 Qf4+ 66. Ke2 Qe4+ 67. Kd2 h4 68. Re3 Qd4+ 69. Rd3 Qf2+ 70. Kc3 g3 0-1

[Event "Spring open (woman)"]
[Site "Budapest"]
[Date "2015.04.15"]
[Round "9"]
[White "Nomin-Erdene, Davaademberel"]
[Black "Gara, Ticia"]
[Result "0-1"]
[WhiteElo "2371"]
[BlackElo "2282"]
[PlyCount "72"]
[EventDate "2015.04.07"]
[EventType "swiss"]
[EventRounds "9"]
[EventCountry "HUN"]
[Source "Hun. Chess Fed."]
[SourceDate "2015.04.15"]

1. e4 c5 2. Nf3 d6 3. d4 cxd4 4. Nxd4 Nf6 5. Nc3 g6 6. Be3 a6 7. f3 b5 8. Qd2
Bb7 9. a4 e5 10. Nb3 b4 11. Nd5 Nxd5 12. exd5 Nd7 13. O-O-O Rb8 14. a5 Be7 15.
Kb1 O-O 16. Ba7 Ra8 17. Bf2 Nf6 18. Qxb4 Bxd5 19. Bb6 Qd7 20. Bc4 Bxc4 21. Qxc4
Rfc8 22. Qe2 Qc6 23. Rd2 Nd5 24. Be3 Nb4 25. c3 Nd5 26. Bh6 Qb7 27. Qd1 Rxc3
28. Rxd5 Rxb3 29. Bc1 Rb8 30. Rd2 d5 31. Re1 Bd6 32. Ree2 Rb5 33. Qa4 Bb4 34.
Rc2 d4 35. Qb3 Bxa5 36. Qd3 Rb3 0-1

[Event "Spring open (woman)"]
[Site "Budapest"]
[Date "2015.04.15"]
[Round "9"]
[White "Sedina, Elena"]
[Black "Terbe, Zsuzsanna"]
[Result "1-0"]
[WhiteElo "2305"]
[BlackElo "2129"]
[PlyCount "79"]
[EventDate "2015.04.07"]
[EventType "swiss"]
[EventRounds "9"]
[EventCountry "HUN"]
[Source "Hun. Chess Fed."]
[SourceDate "2015.04.15"]

1. e4 c5 2. Nf3 Nc6 3. Bb5 Nf6 4. Nc3 g6 5. d3 Bg7 6. e5 Ng4 7. Bxc6 dxc6 8.
Bf4 Nh6 9. Ne4 Bg4 10. h3 Bxf3 11. Qxf3 Nf5 12. O-O Nd4 13. Qd1 Qc7 14. Nxc5
Bxe5 15. Bxe5 Qxe5 16. b4 b6 17. Re1 Qc7 18. Ne4 O-O 19. c3 Ne6 20. d4 Rad8 21.
Qe2 Rfe8 22. Rad1 Kg7 23. h4 h6 24. Qb2 Kh7 25. c4 Ng7 26. d5 cxd5 27. cxd5 Nf5
28. h5 Rg8 29. Qb1 Qf4 30. g3 Qg4 31. d6 Rxd6 32. Nxd6 Nxg3 33. f3 Qxf3 34.
Rxe7 Qh1+ 35. Kf2 Qh2+ 36. Ke1 Qg1+ 37. Kd2 Qd4+ 38. Kc2 Rc8+ 39. Nxc8 Qc4+ 40.
Kb2 1-0

[Event "Spring open (woman)"]
[Site "Budapest"]
[Date "2015.04.15"]
[Round "9"]
[White "Havanecz, Bianka"]
[Black "Varga, Klara"]
[Result "1-0"]
[WhiteElo "2244"]
[BlackElo "2192"]
[PlyCount "91"]
[EventDate "2015.04.07"]
[EventType "swiss"]
[EventRounds "9"]
[EventCountry "HUN"]
[Source "Hun. Chess Fed."]
[SourceDate "2015.04.15"]

1. d4 e6 2. Nf3 Nf6 3. g3 c5 4. Bg2 d5 5. c4 dxc4 6. O-O Nc6 7. Qa4 Bd7 8. Qxc4
b5 9. Qd3 c4 10. Qd1 Rc8 11. Re1 Bb4 12. Nc3 Nd5 13. Bd2 Qa5 14. Ne4 O-O 15.
Nc5 Rfd8 16. Nb7 Qb6 17. Nxd8 Rxd8 18. Bxb4 Ndxb4 19. a3 Na6 20. e3 Na5 21. Ne5
Nb3 22. Rb1 Be8 23. Be4 f6 24. Nf3 Bh5 25. g4 Bxg4 26. Bxh7+ Kxh7 27. Ng5+ fxg5
28. Qxg4 Qc6 29. Rbd1 Rd5 30. h4 gxh4 31. Qxh4+ Kg8 32. f4 c3 33. bxc3 Qxc3 34.
Qg4 Kf7 35. Re2 Rf5 36. d5 Nc1 37. dxe6+ Kf6 38. Ree1 Nd3 39. e7 Nc7 40. Re2
Nc1 41. Rg2 Qxe3+ 42. Kh1 g5 43. fxg5+ Ke5 44. Qg3+ Qxg3 45. Rxg3 Kf4 46. Rf1+
1-0